000 01078naa a22002897a 4500
001 BR6004505
003 BR-BrBNA
005 20240918172854.0
007 ta
008 230509b bl.||||| |||| 00| 0 por d
040 _aBR-BrBNA
_bpor
_cBiblioteca Nacional de Agricultura
041 _a(Pt)
072 _aD50; K00
_b3000
_bG514
090 _aD50 BR6004505
110 1 _aSecretaria de Agricultura do Distrito Federal, Rio de Janeiro (Brasil). Servico Florestal
111 1 _a1. Congresso Florestal Brasileiro
_cCuritiba, PR (Brazil)
_d13 Sep 1953
245 1 _aEstudo a legislacao florestal do Distrito Federal [Brasil]
260 3 _aCuritiba, PR (Brasil):
_c1954.
500 _aAnais do 1. Congresso Florestal Brasileiro Curitiba, PR (Brasil): 1954. p. 437-461 (BR6004505-AM)D50
650 _aLEGISLACAO
650 _aFLORESTA
650 _aREFLORESTAMENTO
650 _aCONSERVACAO
773 0 _tAnais do 1. Congresso Florestal Brasileiro
_wD50 BR6004505
_gCuritiba, PR (Brasil), 1954. p. 437-461
909 _a202404
_bLucia
_c55
_dLucia Elande
942 _cAM
_2AGRIS
999 _c301833
_d301833